| 000 | 00733nam a22002654a 4500 | ||
|---|---|---|---|
| 001 | UByD003377 | ||
| 003 | AR-LpoUNG | ||
| 005 | 20241122153127.0 | ||
| 008 | 241122s2006 ck a j 000 1 spa d | ||
| 020 | _a9875450359 | ||
| 040 |
_aAR-LpoUNG _bspa _cAR-LpoUNG _eaacr |
||
| 041 | 0 | _aspa | |
| 082 | 0 | _a808.068 3 643fan | |
| 100 | 1 | _aGonzález, Eduardo | |
| 245 | 1 | 3 | _aEl fantasma de Gardel ataca el Abasto |
| 250 | _a1ra. ed., 10ma. reimpr. | ||
| 260 |
_aBogotá : _bNorma, _c2006. |
||
| 300 |
_a159 p. : _bil. |
||
| 505 | _aSugerido a partir de 12 años (etiqueta FUCSIA). | ||
| 650 | 4 | _aLITERATURA | |
| 650 | 4 | _aNARRATIVA | |
| 653 | 0 | _aLITERATURA INFANTOJUVENIL | |
| 700 | 1 |
_aLucano, Mariano _eil. |
|
| 942 |
_2ddc _cLIB |
||
| 999 |
_c66053 _d66053 |
||